| 000 | 00659nam a22001937a 4500 | ||
|---|---|---|---|
| 005 | 20161110115143.0 | ||
| 010 | _aENG-116350 | ||
| 020 |
_a9789350357224 _c150.00 |
||
| 035 | _aEN-99882 | ||
| 037 | _bDBAD/PUB | ||
| 082 | _a174.3 | ||
| 100 | _aRosedar S.R.A. | ||
| 245 |
_aProfessional ethics, acountancy of lawyers and Bar-Banch relationship : _cby Roserdar S.R.A _b(practical tranning paper) / |
||
| 250 | _a2nd ed | ||
| 260 |
_aGurgaon _bLexisNexis _c2016 |
||
| 270 |
_a14th Floor, Building No.10, Tower-B, DLF Cyber City, Phase-II _bGurgaon (Haryana) _e122002 |
||
| 300 |
_axiii,257p. _c21cm(pbk) |
||
| 942 |
_2ddc _cEN _mROS _h174.3 |
||
| 999 |
_c104360 _d104360 |
||